All Cities and Villages in Illinois - Statistics

General Stats
  • This quiz has been taken 18 times
  • The average score is 105 of 500
Answer Stats
Population City/Town % Correct
2,746,388 Chicago
100%
180,542 Aurora
92%
88,302 Champaign
85%
113,150 Peoria
85%
148,655 Rockford
85%
114,394 Springfield
85%
150,362 Joliet
77%
39,463 Quincy
77%
38,336 Urbana
77%
42,985 Moline
69%
149,540 Naperville
69%
89,321 Waukegan
69%
42,404 Belleville
62%
78,680 Bloomington
62%
85,268 Cicero
62%
70,522 Decatur
62%
40,290 DeKalb
62%
18,469 East St. Louis
62%
24,052 Kankakee
62%
44,476 Lombard
62%
54,583 Oak Park
62%
78,723 Schaumburg
62%
73,922 Bolingbrook
54%
3,308 Galena
54%
30,052 Galesburg
54%
52,736 Normal
54%
58,362 Oak Lawn
54%
67,908 Palatine
54%
31,731 Pekin
54%
9,896 Peru
54%
37,108 Rock Island
54%
55,971 Tinley Park
54%
77,676 Arlington Heights
46%
57,250 Berwyn
46%
21,857 Carbondale
46%
39,854 Carol Stream
46%
29,204 Danville
46%
60,675 Des Plaines
46%
15,274 Dixon
46%
50,247 Downers Grove
46%
114,797 Elgin
46%
32,812 Elk Grove Village
46%
78,110 Evanston
46%
48,705 Glenview
46%
52,530 Hoffman Estates
46%
9,582 LaSalle
46%
13,288 Lincoln
46%
15,051 Macomb
46%
30,759 North Chicago
46%
8,163 Oak Brook
46%
58,703 Orland Park
46%
18,840 Ottawa
46%
39,656 Park Ridge
46%
67,824 Skokie
46%
33,081 St. Charles
46%
10,506 Taylorville
46%
25,614 West Chicago
46%
29,700 Algonquin
38%
19,063 Alsip
38%
25,676 Alton
38%
26,098 Batavia
38%
43,212 Buffalo Grove
38%
36,033 Calumet City
38%
37,983 Carpentersville
38%
27,480 Chicago Heights
38%
24,366 Collinsville
38%
10,999 Columbia
38%
40,269 Crystal Lake
38%
19,196 Deerfield
38%
21,426 Dolton
38%
21,374 East Moline
38%
26,808 Edwardsville
38%
12,252 Effingham
38%
45,786 Elmhurst
38%
2,058 Elmwood
38%
23,973 Freeport
38%
30,706 Gurnee
38%
9,991 Highland
38%
30,176 Highland Park
38%
16,870 Mattoon
38%
7,015 Mount Carmel
38%
56,852 Mount Prospect
38%
31,560 Mundelein
38%
30,912 Niles
38%
39,863 Romeoville
38%
39,577 Streamwood
38%
12,500 Streator
38%
7,458 Vandalia
38%
22,263 Villa Park
38%
16,071 Washington
38%
53,970 Wheaton
38%
39,137 Wheeling
38%
41,105 Bartlett
31%
25,339 Belvidere
31%
18,164 Bourbonnais
31%
17,826 Cary
31%
7,004 Clinton
31%
16,775 Country Club Hills
31%
22,484 East Peoria
31%
24,521 Elmwood Park
31%
21,393 Geneva
31%
33,176 Glendale Heights
31%
28,846 Glen Ellyn
31%
27,549 Granite City
31%
9,543 Itasca
31%
2,514 Kenilworth
31%
28,982 Lake in the Hills
31%
24,223 Lisle
31%
23,397 Loves Park
31%
22,950 Machesney Park
31%
9,385 Manhattan
31%
4,845 Marseilles
31%
23,512 Maywood
31%
27,135 McHenry
31%
5,969 Metropolis
31%
14,163 Morris
31%
35,222 Northbrook
31%
34,585 Oswego
31%
4,899 Palos Park
31%
8,291 Paris
31%
44,762 Plainfield
31%
7,832 Princeton
31%
24,200 Rolling Meadows
31%
3,952 Rosemont
31%
18,721 Round Lake
31%
27,252 Round Lake Beach
31%
4,674 Shelbyville
31%
5,582 Spring Valley
31%
14,764 Sterling
31%
4,636 Tuscola
31%
2,286 Wayne
31%
28,170 Wilmette
31%
25,630 Woodstock
31%
24,655 Zion
31%
35,702 Addison
23%
3,633 Aledo
23%
14,622 Antioch
23%
10,722 Barrington
23%
1,878 Bellevue
23%
18,813 Bensenville
23%
22,558 Blue Island
23%
19,476 Brookfield
23%
29,439 Burbank
23%
7,025 Calumet Park
23%
13,242 Canton
23%
12,182 Centralia
23%
17,286 Charleston
23%
2,905 Cherry Valley
23%
14,433 Chicago Ridge
23%
22,011 Darien
23%
19,943 Evergreen Park
23%
1,813 Ford Heights
23%
10,978 Fox Lake
23%
20,296 Frankfort
23%
18,467 Franklin Park
23%
3,647 Fulton
23%
5,298 Genoa
23%
21,248 Grayslake
23%
7,083 Greenville
23%
37,470 Hanover Park
23%
9,469 Harvard
23%
20,324 Harvey
23%
2,963 Havana
23%
5,902 Hillsboro
23%
24,543 Homer Glen
23%
7,616 Inverness
23%
17,616 Jacksonville
23%
12,509 Kewanee
23%
16,321 La Grange
23%
8,741 Lake Villa
23%
19,759 Lake Zurich
23%
29,076 Lansing
23%
20,579 Libertyville
23%
14,406 Lindenhurst
23%
26,094 Lockport
23%
8,366 Long Grove
23%
7,568 Marengo
23%
16,855 Marion
23%
11,661 Markham
23%
8,754 Mascoutah
23%
19,073 Matteson
23%
24,796 Melrose Park
23%
14,325 Midlothian
23%
5,097 Milan
23%
5,128 Monee
23%
8,902 Monmouth
23%
4,085 Morrison
23%
17,117 Morton
23%
25,297 Morton Grove
23%
6,019 Mount Zion
23%
27,214 New Lenox
23%
15,251 Norridge
23%
18,261 North Aurora
23%
2,751 Oakbrook Terrace
23%
32,289 O'Fallon
23%
8,701 Olney
23%
4,718 Olympia Fields
23%
12,068 Palos Heights
23%
5,199 Pana
23%
7,885 Park City
23%
11,150 Pontiac
23%
16,058 Prospect Heights
23%
2,089 Richmond
23%
12,775 Richton Park
23%
3,532 Riverton
23%
9,446 Rochelle
23%
8,789 Rock Falls
23%
7,221 Sandwich
23%
23,865 South Elgin
23%
21,465 South Holland
23%
18,577 Sycamore
23%
10,960 Troy
23%
26,850 Vernon Hills
23%
14,084 Wauconda
23%
7,686 West Dundee
23%
24,429 Westmont
23%
9,236 Willowbrook
23%
6,705 Winthrop Harbor
23%
34,158 Woodridge
23%
21,533 Yorkville
23%
4,303 Anna
15%
2,927 Arcola
15%
4,574 Auburn
15%
14,249 Beach Park
15%
5,951 Beardstown
15%
4,713 Beecher
15%
15,419 Bradley
15%
1,800 Bridgeport
15%
17,027 Bridgeview
15%
3,784 Byron
15%
4,865 Carmi
15%
14,377 Chatham
15%
6,128 Chillicothe
15%
5,705 Coal City
15%
5,045 Colona
15%
20,459 Crest Hill
15%
3,681 Deer Park
15%
2,973 Dixmoor
15%
4,032 Dwight
15%
2,756 El Paso
15%
2,229 Elwood
15%
5,227 Eureka
15%
4,883 Fairfield
15%
16,706 Fairview Heights
15%
2,389 Farmington
15%
9,704 Flossmoor
15%
14,339 Forest Park
15%
4,702 Fox River Grove
15%
4,582 Freeburg
15%
2,470 Galva
15%
3,143 Georgetown
15%
13,842 Glen Carbon
15%
8,849 Glencoe
15%
3,546 Hainesville
15%
2,753 Hamilton
15%
9,062 Hawthorn Woods
15%
13,382 Hazel Crest
15%
2,320 Henry
15%
12,352 Herrin
15%
14,505 Hickory Hills
15%
5,074 Highwood
15%
8,320 Hillside
15%
17,395 Hinsdale
15%
19,463 Homewood
15%
27,740 Huntley
15%
4,091 Kildeer
15%
2,901 Knoxville
15%
13,475 La Grange Park
15%
5,100 Lake Barrington
15%
19,367 Lake Forest
15%
4,283 Lakewood
15%
4,691 Lebanon
15%
2,090 Lexington
15%
7,940 Lincolnshire
15%
10,817 Lyons
15%
3,171 Madison
15%
9,210 Manteno
15%
8,221 Maryville
15%
2,675 McLeansboro
15%
7,061 Mendota
15%
3,904 Metamora
15%
12,758 Minooka
15%
20,262 Montgomery
15%
14,600 Mount Vernon
15%
7,093 Murphysboro
15%
5,751 Northfield
15%
27,478 Oak Forest
15%
3,712 Oglesby
15%
18,530 Palos Hills
15%
21,687 Park Forest
15%
4,450 Paxton
15%
5,908 Peoria Heights
15%
2,258 Petersburg
15%
11,847 Plano
15%
1,946 Prophetstown
15%
12,371 Rantoul
15%
10,612 River Grove
15%
3,790 Riverwoods
15%
4,629 Robbins
15%
3,863 Rochester
15%
2,012 Rockdale
15%
10,983 Roscoe
15%
22,897 Roselle
15%
7,680 Round Lake Park
15%
7,282 Salem
15%
9,921 Sauk Village
15%
2,783 Savanna
15%
2,353 Seneca
15%
5,077 South Barrington
15%
7,989 South Beloit
15%
4,095 Sparta
15%
5,487 Spring Grove
15%
7,110 Stickney
15%
9,278 Sugar Grove
15%
3,604 Tolono
15%
3,517 Wadsworth
15%
13,553 Warrenville
15%
11,013 Waterloo
15%
4,679 Watseka
15%
16,892 Westchester
15%
9,835 Winfield
15%
2,940 Winnebago
15%
12,744 Winnetka
15%
14,012 Wood Dale
15%
10,970 Worth
15%
1,971 Albion
8%
2,231 Arthur
8%
1,977 Athens
8%
18,789 Bellwood
8%
6,709 Benton
8%
5,338 Berkeley
8%
9,310 Bethalto
8%
22,382 Bloomingdale
8%
6,194 Braidwood
8%
4,641 Breese
8%
2,221 Brighton
8%
4,046 Burnham
8%
11,192 Burr Ridge
8%
2,718 Bushnell
8%
17,894 Cahokia Heights
8%
2,086 Cambridge
8%
10,885 Campton Hills
8%
5,710 Carlinville
8%
2,490 Carthage
8%
2,404 Casey
8%
4,400 Caseyville
8%
13,383 Channahon
8%
6,814 Chester
8%
2,697 Christopher
8%
6,420 Countryside
8%
8,465 Crete
8%
2,512 Davis Junction
8%
3,996 Dupo
8%
5,827 Du Quoin
8%
5,786 East Alton
8%
3,152 East Dundee
8%
6,175 Elburn
8%
3,743 Eldorado
8%
3,633 Fairbury
8%
1,828 Farmer City
8%
4,803 Flora
8%
3,734 Forsyth
8%
6,539 Geneseo
8%
3,475 Gibson City
8%
8,366 Gilberts
8%
3,168 Gillespie
8%
17,825 Godfrey
8%
4,128 Green Oaks
8%
8,219 Harrisburg
8%
2,791 Heyworth
8%
2,006 Hinckley
8%
4,915 Hoopeston
8%
4,065 Indian Head Park
8%
8,051 Island Lake
8%
8,337 Jerseyville
8%
6,355 Johnsburg
8%
12,600 Justice
8%
1,878 Lacon
8%
5,616 Lake Bluff
8%
6,182 Lakemoor
8%
4,164 Lawrenceville
8%
17,629 Lemont
8%
3,512 Le Roy
8%
2,041 Lewistown
8%
13,463 Lincolnwood
8%
6,605 Litchfield
8%
9,116 Lynwood
8%
9,434 Mahomet
8%
1,833 Marissa
8%
3,947 Marshall
8%
2,077 Mason City
8%
4,071 Millstadt
8%
19,887 Mokena
8%
3,117 Momence
8%
5,941 Monticello
8%
2,861 Mount Morris
8%
2,015 Mount Olive
8%
2,006 Mount Sterling
8%
3,105 Nashville
8%
1,955 New Athens
8%
3,428 New Baden
8%
2,142 Nokomis
8%
3,171 North Barrington
8%
12,840 Northlake
8%
3,604 Oregon
8%
6,893 Orland Hills
8%
2,090 Pecatonica
8%
4,150 Peotone
8%
5,066 Pinckneyville
8%
10,365 Pingree Grove
8%
4,206 Pittsfield
8%
5,876 Pontoon Beach
8%
5,049 Poplar Grove
8%
3,804 Red Bud
8%
10,663 Riverdale
8%
9,298 Riverside
8%
7,150 Robinson
8%
7,863 Rockton
8%
2,622 Round Lake Heights
8%
3,005 Rushville
8%
8,857 Savoy
8%
11,709 Schiller Park
8%
1,888 Sesser
8%
2,431 Sheridan
8%
4,673 Sherman
8%
14,098 Shiloh
8%
8,003 Silvis
8%
3,214 Sleepy Hollow
8%
4,006 Smithton
8%
4,026 South Chicago Heights
8%
3,302 South Jacksonville
8%
1,891 South Roxana
8%
1,930 Steeleville
8%
2,631 Sumner
8%
14,386 Swansea
8%
2,386 Thornton
8%
2,660 Tilton
8%
2,690 Trenton
8%
2,472 Villa Grove
8%
3,231 Virden
8%
6,122 Volo
8%
2,592 Washington Park
8%
13,629 Western Springs
8%
7,275 West Frankfort
8%
4,263 West Peoria
8%
3,167 Westville
8%
2,295 White Hall
8%
5,664 Wilmington
8%
3,973 Wonder Lake
8%
10,464 Wood River
8%
2,216 Altamont
0%
2,278 Amboy
0%
2,340 Aviston
0%
4,114 Barrington Hills
0%
5,945 Bartonville
0%
7,998 Broadview
0%
1,846 Carbon Cliff
0%
3,253 Carlyle
0%
2,485 Carrollton
0%
5,848 Carterville
0%
1,983 Catlin
0%
8,702 Clarendon Hills
0%
3,873 Coal Valley
0%
4,398 Cortland
0%
10,826 Crestwood
0%
4,934 Creve Coeur
0%
2,640 Diamond
0%
2,265 Fairmont City
0%
2,062 Fisher
0%
3,412 Germantown Hills
0%
8,662 Glenwood
0%
7,667 Hampshire
0%
9,065 Harwood
0%
4,343 Hometown
0%
3,384 Johnston City
0%
2,772 Lena
0%
1,879 Mackinaw
0%
2,541 Marquette Heights
0%
1,969 Merrionette Park
0%
1,928 Minonk
0%
2,777 Newton
0%
7,426 North Riverside
0%
2,076 Oakwood Hills
0%
2,678 Pawnee
0%
2,291 Polo
0%
5,632 Posen
0%
1,963 Prairie Grove
0%
11,717 River Forest
0%
1,960 Roanoke
0%
18,186 Shorewood
0%
1,786 Somonauk
0%
5,054 Staunton
0%
9,584 Steger
0%
3,810 St. Joseph
0%
4,576 Stone Park
0%
4,413 Sullivan
0%
11,161 Summit
0%
2,277 Tremont
0%
7,145 University Park
0%
5,857 Willow Springs
0%
No matching quizzes found
Score Distribution
Percent of People with Each Score
Percentile by Number Answered
Your Score History
You have not taken this quiz